Repressed inflation in the Soviet Union (Registro nro. 26848)

Detalles MARC
000 -LEADER
fixed length control field 00366 a2200121 4500
001 - CONTROL NUMBER
control field ART_13863
005 - DATE AND TIME OF LATEST TRANSACTION
control field 20260410161911.0
008 - FIXED-LENGTH DATA ELEMENTS--GENERAL INFORMATION
fixed length control field 260409a
100 1# - MAIN ENTRY--PERSONAL NAME
Personal name Gardner, Roy
245 10 - TITLE STATEMENT
Title Repressed inflation in the Soviet Union
700 1# - ADDED ENTRY--PERSONAL NAME
Personal name strauss, Jonathan
773 0# - HOST ITEM ENTRY
Title European economic review
Related parts - Vol. 16, Nº 2/3 (jun./jul. 1981)
Record control number REV13346

No hay ítems disponibles.